| 000 | 00761nam a2200229 a 4500 | ||
|---|---|---|---|
| 001 | 000015030 | ||
| 005 | 20240412074242.0 | ||
| 008 | 100129s2007 dr a 000 0 spa d | ||
| 020 | _a9789945160970 | ||
| 040 |
_aDO-SdBNP _bspa _cBNPHU |
||
| 082 |
_aRD863.44 _bC422s |
||
| 100 | 1 |
_aCéspedes, Diógenes, _d1941- _920548 |
|
| 245 | 1 | 3 |
_aLa sangre ajena / _cDiógenes Céspedes. |
| 260 |
_aSanto Domingo : _bEdiciones Librería La Trinitaria, _c2007. _fBúho |
||
| 300 |
_a101 p. ; _c23 cm. |
||
| 590 | _aInventariado, 2020/YL | ||
| 500 | _aIncluye datos bigráficos del autor. | ||
| 586 | _aPremio nacional de Literatura, 2007 | ||
| 650 | 0 |
_aCuentos dominicanos _9176 |
|
| 650 | 0 |
_aLiteratura dominicana. _967 |
|
| 910 | _aValidado. Control de calidad MMOLINA | ||
| 999 |
_c14603 _d14603 |
||